| 000 | 00351cam a2200145ua 4500 | ||
|---|---|---|---|
| 041 |
_aeng _h |
||
| 082 |
_a828.09 _bMUL/ST |
||
| 100 | _aMullik, B.R. | ||
| 245 |
_aStudies in poets Vol.X : Sainbarne / _cB R Mullik. _hTextual Documents |
||
| 260 |
_a : _bS.Chand & CO , _c1963. |
||
| 300 | _a57 ; . | ||
| 504 | _a | ||
| 942 | _cBK | ||
| 999 |
_c3387 _d3387 |
||